La filosofía del siglo XX
Tallennettuna:
| Päätekijä: | |
|---|---|
| Aineistotyyppi: | Kirja |
| Kieli: | espanja |
| Julkaistu: |
Madrid
Alianza
2001
|
| Sarja: | Alianza Ensayo
|
| Aiheet: | |
| Tagit: |
Lisää tagi
Ei tageja, Lisää ensimmäinen tagi!
|
MARC
| LEADER | 00000nam a2200000 a 4500 | ||
|---|---|---|---|
| 001 | UCL9039 | ||
| 003 | CL-VaPUC | ||
| 008 | 040716e20010000SP |||||||||||||||||spa|d | ||
| 020 | |a 8420667838 | ||
| 082 | 0 | 4 | |a 190 |b BOD |2 21 |
| 100 | 0 | |a Bodei, Remo |e author |9 486942 | |
| 245 | 1 | 3 | |a La filosofía del siglo XX |
| 300 | |a 196 p | ||
| 942 | |c BK | ||
| 945 | |d 20040716 00:00:00 |a cmena | ||
| 260 | |a Madrid |b Alianza |c 2001 | ||
| 650 | 0 | |a Historia de la filosofía |9 256920 | |
| 650 | 0 | |a Filosofía (contemporánea) |y S.XX (Siglo 20) |9 267050 | |
| 650 | 0 | |a Escuelas filosóficas |9 266232 | |
| 583 | |a last modification |c 20040716 00:00:00 |k Rodrigo Vera | ||
| 490 | 0 | |a Alianza Ensayo | |
| 999 | |c 310038 |d 310036 | ||
| 952 | |0 0 |1 0 |4 0 |6 190_000000000000000_BOD_2001 |7 0 |8 A |9 378064 |a BIBEDU |b BIBEDU |d 2019-11-21 |i 4036468 |o 190 BOD 2001 |p 4036468 |r 2019-11-21 |w 2019-11-21 |y BK |k FIL | ||